Online
Catalog

Tras la senda ensayística de Pura Emeterio Rondón : (Record no. 49419)

MARC details
000 -CABECERA
campo de control de longitud fija 01043nam a22002417a 4500
003 - IDENTIFICADOR DEL NÚMERO DE CONTROL
campo de control DO-SdBNP
005 - FECHA Y HORA DE LA ÚLTIMA TRANSACCIÓN
campo de control 20240530073937.0
008 - DATOS DE LONGITUD FIJA--INFORMACIÓN GENERAL
campo de control de longitud fija 2020b dr |a| |||| 00| 0 spspa
020 ## - NÚMERO INTERNACIONAL ESTÁNDAR DEL LIBRO
Número Internacional Estándar del Libro 9789945618242
040 ## - FUENTE DE LA CATALOGACIÓN
Centro catalogador/agencia de origen DO-SdBNP
Lengua de catalogación spa
Centro/agencia transcriptor BNPHU
082 #4 - NÚMERO DE LA CLASIFICACIÓN DECIMAL DEWEY
Número de clasificación RD864.5
Número de documento/Ítem T775s
Número de edición 22
245 00 - MENCIÓN DE TÍTULO
Título Tras la senda ensayística de Pura Emeterio Rondón :
Resto del título un texto de autoría colectiva /
Mención de responsabilidad, etc. coordinación general Nieves Lidia Emeterio Rondón (Melania) ; colaboración en corrección de estilos Avelino Stanley
260 ## - PUBLICACIÓN, DISTRIBUCIÓN, ETC.
Lugar de publicación, distribución, etc. Santo Domingo :
Nombre del editor, distribuidor, etc. Amigo Del Hogar,
Fecha de publicación, distribución, etc. 2020.
300 ## - DESCRIPCIÓN FÍSICA
Extensión 268 p. :
Otras características físicas il. ;
Dimensiones 22 cm.
590 ## - NOTA LOCAL (RLIN)
Nota local Inventariado, 2021 / DG
600 10 - PUNTO DE ACCESO ADICIONAL DE MATERIA--NOMBRE DE PERSONA
Nombre de persona Emeterio Rondón, Pura
Subdivisión general Crítica e interpretación
9 (RLIN) 78990
650 10 - PUNTO DE ACCESO ADICIONAL DE MATERIA--TÉRMINO DE MATERIA
Término de materia o nombre geográfico como elemento de entrada Ensayos dominicanos
9 (RLIN) 65
650 14 - PUNTO DE ACCESO ADICIONAL DE MATERIA--TÉRMINO DE MATERIA
Término de materia o nombre geográfico como elemento de entrada Literatura dominicana
9 (RLIN) 78991
700 1# - PUNTO DE ACCESO ADICIONAL--NOMBRE DE PERSONA
Nombre de persona Emeterio Rondòn, Nieves Lidia
Término indicativo de función/relación coordinación general
9 (RLIN) 57746
700 1# - PUNTO DE ACCESO ADICIONAL--NOMBRE DE PERSONA
Nombre de persona Stanley, Avelino,
Fechas asociadas al nombre 1959-
Término indicativo de función/relación colaboración en corrección de estilos
9 (RLIN) 1536
910 ## - DATOS DE OPCIÓN DEL USUARIO (OCLC)
Datos de opción del usuario Inventariado, 2021 / DG/Validado. Control de calidad MFF
942 ## - ELEMENTOS DE PUNTO DE ACCESO ADICIONAL (KOHA)
Fuente del sistema de clasificación o colocación Dewey Decimal Classification
Tipo de ítem Koha Libro
Holdings
Estado de retiro Estado de pérdida Fuente del sistema de clasificación o colocación No para préstamo Código de colección Localización permanente Ubicación/localización actual Ubicación en estantería Fuente de adquisición Total de préstamos Signatura topográfica completa Código de barras Fecha visto por última vez Precio válido a partir de Tipo de ítem Koha Número de copia
    Dewey Decimal Classification Préstamo en sala Dominicana de Servicio Biblioteca Nacional Pedro Henríquez Ureña Dominicana Depósito Deposito Legal   BNPHU DS RD864.5 T775s 2021-0326 19.02.2021 19.02.2021 Libro y Folleto Colección Dominicana de Servicio e. 3
    Dewey Decimal Classification Préstamo en sala Dominicana de Servicio Biblioteca Nacional Pedro Henríquez Ureña Dominicana Depósito Deposito Legal   BNPHU DS RD864.5 T775s 2021-0327 19.02.2021 19.02.2021 Libro y Folleto Colección Dominicana de Servicio e. 4
    Dewey Decimal Classification Préstamo en sala Dominicana de Servicio Biblioteca Nacional Pedro Henríquez Ureña Dominicana Depósito Deposito Legal   BNPHU DS RD864.5 T775s 2021-0328 19.02.2021 19.02.2021 Libro y Folleto Colección Dominicana de Servicio e. 5
    Dewey Decimal Classification Excluido de préstamo Patrimonio Dominicano Biblioteca Nacional Pedro Henríquez Ureña Patrimonio Dominicano Depósito Deposito Legal   BNPHU PD RD864.5 T775s 2021-0324 19.02.2021 19.02.2021 Libro y Folleto Colección Patrimonio Dominicano  
    Dewey Decimal Classification Préstamo restrigido Patrimonio Dominicano Biblioteca Nacional Pedro Henríquez Ureña Patrimonio Dominicano Depósito Deposito Legal   BNPHU PD RD864.5 T775s 2021-0325 19.02.2021 19.02.2021 Libro y Folleto Colección Patrimonio Dominicano e. 2

Powered by Koha